{"text_format":"3","workbook":"xls","n_sheets":1,"sheets":["Sheet1"],"not_rendered":{"external_links":1,"defined_names":1},"read":"whole","date_system":"1900","formulas":"cached_only"}

{"sheet":"Sheet1","index":0,"n_rows":37,"n_cols":8,"rows_kept":37,"merged":[[0,0,0,7]],"flags":["formulas_cached_only"]}
["固定资产报废明细表"]
["序号","资产名称","分类名称","单价（元）"," 套  (件数)","总价（元）","计量单位","购置日期"]
[{"$nulls":4},"137","907747"]
[1,"AJDQD-D型电动机综合保护试验装置","仪器仪表类",10000,1,10000,"件","2008-12-13"]
[2,"AJAQJ-D型检漏继电器演示装置","仪器仪表类",10600,1,10600,"件","2008-12-13"]
[3,"AJAQM-D型煤电钻综合保护演示装置","仪器仪表类",10600,1,10600,"件","2008-12-13"]
[4,"AJCKY-D型煤巷、岩巷和半煤岩掘进装药联线模型","仪器仪表类",10800,1,10800,"件","2008-12-13"]
[5,"AJJSB-B无底柱分段崩落采矿法","仪器仪表类",10800,1,10800,"件","2008-12-13"]
[6,"AJCKP-P炮采工作面及其设备布置","仪器仪表类",11700,1,11700,"件","2008-12-13"]
[7,"锚杆支护系统及原理演示模型","仪器仪表类",15000,1,15000,"件","2008-12-13"]
[8,"AJCKD-D回采面初次放顶及周期来压顶板管理演示装置","仪器仪表类",16000,1,16000,"件","2008-12-13"]
[9,"AJXKS-I现代化矿井仿真模拟系统","仪器仪表类",18500,1,18500,"件","2008-12-13"]
[10,"矿井瓦斯综合治理仿真模型","仪器仪表类",29000,1,29000,"件","2008-12-13"]
[11,"AJAQB2-D型矿井灾害避灾路线光电演示模型","仪器仪表类",38000,1,38000,"件","2008-12-13"]
[12,"AJTYG-D型立井罐笼提升电动演示模型","仪器仪表类",52000,1,52000,"件","2008-12-13"]
[13,"ZNX-D2\\D3\\J智能型瓦斯、煤尘爆炸综合实验装置","仪器仪表类",55000,1,55000,"件","2008-12-13"]
[14,"AJTYX-D型斜井提升仿真演示装置","仪器仪表类",55000,1,55000,"件","2008-12-13"]
[15,"JKTS-I矿井通风仿真实验装置","仪器仪表类",477000,1,477000,"件","2008-12-13"]
[16,"探放水模型","仪器仪表类",6000,1,6000,"件","2008-12-13"]
[17,"三专两闭锁演示装置","仪器仪表类",7200,1,7200,"件","2008-12-13"]
[18,"智能甲烷检测仪","机电设备类",1000,3,3000,"件","2008-06-01"]
[19,"联想电脑（液晶显示器）","电子设备类",4000,4,16000,"件","2008-03-01"]
[20,"煤矿安全培训信息化系统软件","电子设备类",24000,1,24000,"件","2005-12-15"]
[21,"金长城电脑","电子设备类",3000,3,9000,"件","2007-06-01"]
[22,"动力配电柜","机电设备类",500,1,500,"件","2008-07-01"]
[23,"灭火器箱","家具用具类",90,2,180,"件","2007-03-01"]
[24,"灭火器","家具用具类",216,8,1728,"件","2007-03-01"]
[25,"消防栓","家具用具类",300,1,300,"件","2006-07-01"]
[26,"黑板架","家具用具类",441,1,441,"件","2011-04-29"]
[27,"移动黑板","家具用具类",500,1,500,"件","2009-06-01"]
[28,"铝合金人字梯","家具用具类",500,1,500,"件","2006-07-01"]
[29,"急倾斜煤层柔性掩护支架开采模型","家具用具类",8300,1,8300,"件","2008-12-13"]
[30,"MD-2瓦斯解吸仪","仪器仪表类",500,1,500,"件","2008-06-01"]
[31,"单课桌","家具用具类",145,42,6090,"件","2007-06-01"]
[32,"铁木单椅","家具用具类",46,43,1978,"件","2008-06-01"]
[33,"电脑桌","家具用具类",210,5,1050,"件","2007-06-01"]
[34,"天仙电风扇","机电设备类",240,2,480,"件","2000-06-01"]